000
00305nam a22001337a 4500
008
170817b xxu||||| |||| 00| 0 eng d
020
_a
9780131679962
041
_a
eng
080
_2
3RD
_a
51
100
_a
36
101
_a
MAT
245
_a
INSTRUCTOR'S SOLUTIONS MANUAL
_c
GOODAIRE,E.G
942
_2
udc
_c
BK
999
_c
23914
_d
23914